Normal view
MARC view
- Todd, Carl David
Entry Personal Name
001 - CONTROL NUMBER
- control field: 102697
003 - CONTROL NUMBER IDENTIFIER
- control field: NUST
005 - DATE AND TIME OF LATEST TRANSACTION
- control field: 20221116132327.0
008 - FIXED-LENGTH DATA ELEMENTS
- fixed length control field: 221116|| aca||aabn | a|a d
040 ## - CATALOGING SOURCE
- Original cataloging agency: NUST
- Transcribing agency: NUST
100 ## - HEADING--PERSONAL NAME
- Personal name: Todd, Carl David
670 ## - SOURCE DATA FOUND
- Source citation: Work cat.: (NUST)181039: Todd, Carl David., The potentiometer handbook :, [1975]
